Dôchodková reforma

Dôchodková reforma z niekoľkých pohľadov - dôchodky na Kaníkov spôsob, doplnkové poisťovne sa budú meniť, dostanete len to, čo trh dovolí, hrá sa o 18 miliárd ročne, správa budúceho dôchodkového systému.

Gespeichert in:
Bibliographische Detailangaben
1. Verfasser: Kantorík, Juraj
Weitere Verfasser: Tirpák, Marcel
Format: Buchkapitel
Sprache:Slowakisch
Schlagworte:
Tags: Tag hinzufügen
Keine Tags, Fügen Sie das erste Tag hinzu!

MARC

LEADER 00000naa a2200000 4500
001 r048273
005 20230908082447.1
041 0 |a slo 
044 |a SK 
245 1 0 |a Dôchodková reforma  |c Juraj Kantorík, Marcel Tirpák 
520 |a Dôchodková reforma z niekoľkých pohľadov - dôchodky na Kaníkov spôsob, doplnkové poisťovne sa budú meniť, dostanete len to, čo trh dovolí, hrá sa o 18 miliárd ročne, správa budúceho dôchodkového systému. 
610 2 0 |a reformy sociálne 
610 2 0 |a dôchodky 
610 2 0 |a dôchodky starobné 
610 2 0 |a poistenie dôchodkové 
610 2 0 |a poistenie dôchodkové doplnkové 
610 2 0 |a Slovensko 
100 1 |a Kantorík, Juraj 
700 1 |a Tirpák, Marcel